<?xml version="1.0" encoding="UTF-8"?>
<marc:record xmlns:marc="http://www.loc.gov/MARC21/slim">
   <marc:leader>00000nam a2200000 a 4500</marc:leader>
   <marc:datafield ind1=" " ind2=" " tag="653">
      <marc:subfield code="a">Grund- und weiterführende Schulen</marc:subfield>
   </marc:datafield>
   <marc:datafield ind1=" " ind2=" " tag="653">
      <marc:subfield code="a">Softcover / Schule</marc:subfield>
   </marc:datafield>
   <marc:datafield ind1=" " ind2=" " tag="653">
      <marc:subfield code="a">Lernen/Lernhilfen</marc:subfield>
   </marc:datafield>
   <marc:datafield ind1=" " ind2=" " tag="653">
      <marc:subfield code="a">Abiturwissen/Grundschule</marc:subfield>
   </marc:datafield>
   <marc:datafield ind1="0" ind2="0" tag="245">
      <marc:subfield code="a">Profi in Deutsch</marc:subfield>
   </marc:datafield>
   <marc:datafield ind1="0" ind2="0" tag="245">
      <marc:subfield code="c">Gesamtprojektleitung: Denise Spindelndreier</marc:subfield>
   </marc:datafield>
   <marc:datafield ind1=" " ind2="1" tag="264">
      <marc:subfield code="a">Gütersloh</marc:subfield>
      <marc:subfield code="b">Brockhaus, Wissenmedia in der InmediaONE] GmbH</marc:subfield>
      <marc:subfield code="c">2012</marc:subfield>
   </marc:datafield>
   <marc:datafield ind1="1" ind2=" " tag="520">
      <marc:subfield code="a">Angaben aus der Verlagsmeldung

Brockhaus Scolaris Profi in Deutsch 2. Klasse : Üben und verstehen

„Profi in Deutsch 2. Klasse“ wiederholt das für diese Klasse benötigte Wissen und bietet wichtige Tipps und Hilfen, die im Unterricht Sicherheit geben.
Dabei bekommen die Schüler u. a. geeignete Lesetechniken zum Lesen und Erfassen zentraler Aussagen sowie Regelungen zu Rechtschreibung und Grammatik an die Hand. Die vielfältigen Aufgaben frischen vorhandenes Hintergrundwissen auf und schließen Wissenslücken.
Ein Farbleitsystem bietet eine optimale Orientierung in den einzelnen Lerneinheiten. Igel Eddi begleitet die Schüler beim Lernen. Um die eigenen Lernerfolge zu überprüfen, können sie auf ein Lösungsheft zurückgreifen.
Als Extra bieten interaktive Spiele online eine abwechslungsreiche Lernpause unter: www.brockhaus-scolaris.de/profi

Trainiert die Lerninhalte eines Faches und eines kompletten Schuljahres
Lerntypengerechte Aufgaben für unterschiedliche Niveaus
Didaktisch wertvolle Tests, um Lernfortschritte selbst zu messen
Wiederholt zentrale Inhalte nach den Lehrplänen

Inhalte

Lesen
Richtig schreiben
Sprache untersuchen
Schreiben: Geschichten erzählen und Personen beschreiben

Extras

Online-Spiele für kreative Lernpausen
Separates Lösungsheft
Farbleitsystem
</marc:subfield>
   </marc:datafield>
   <marc:datafield ind1=" " ind2=" " tag="020">
      <marc:subfield code="a">9783577200080</marc:subfield>
      <marc:subfield code="9">9783577200080</marc:subfield>
   </marc:datafield>
   <marc:datafield ind1=" " ind2=" " tag="020">
      <marc:subfield code="a">3577200081</marc:subfield>
      <marc:subfield code="9">3577200081</marc:subfield>
   </marc:datafield>
   <marc:datafield ind1=" " ind2=" " tag="041">
      <marc:subfield code="a">ger</marc:subfield>
   </marc:datafield>
   <marc:datafield ind1=" " ind2=" " tag="300">
      <marc:subfield code="a">112 S.</marc:subfield>
   </marc:datafield>
</marc:record>
